Giải phẫu người T.2 Giải phẫu người
Các cơ quan bên trong của người. Sự hình thành, hình dạng và cấu tạo các cơ quan tiêu hoá, hô hấp, niệu sinh dục, tuần hoàn, tuyến nội tiết, hệ thần kinh và các giác quan cảm giác
Đã lưu trong:
| Hovedforfatter: | |
|---|---|
| Andre forfattere: | |
| Format: | Bog |
| Sprog: | Vietnamese |
| Udgivet: |
H.
Giáo dục
1977
|
| Udgivelse: | In lần thứ 2 |
| Serier: | Sách Đại học Sư phạm
|
| Fag: | |
| Tags: |
Tilføj Tag
Ingen Tags, Vær først til at tagge denne postø!
|
| Thư viện lưu trữ: | Mạng thư viện Đại học Đà Nẵng |
|---|
| LEADER | 01492nam a2200397 4500 | ||
|---|---|---|---|
| 001 | 000009202 | ||
| 003 | 5397 | ||
| 005 | 20111025101000.0 | ||
| 008 | 111025s1977 viesd | ||
| 020 | |c 0đ | ||
| 041 | 0 | |a vie | |
| 082 | |a 611 |b TR-N | ||
| 100 | 0 | |a Trần Xuân Nhĩ |e Tác giả | |
| 245 | 1 | 0 | |a Giải phẫu người |c Trần Xuân Nhĩ - Nguyễn Quang Vinh |n T.2 |p Giải phẫu người |
| 250 | |a In lần thứ 2 | ||
| 260 | |a H. |b Giáo dục |c 1977 | ||
| 300 | |a 260 tr. |c 21 cm | ||
| 490 | |a Sách Đại học Sư phạm | ||
| 520 | |a Các cơ quan bên trong của người. Sự hình thành, hình dạng và cấu tạo các cơ quan tiêu hoá, hô hấp, niệu sinh dục, tuần hoàn, tuyến nội tiết, hệ thần kinh và các giác quan cảm giác | ||
| 653 | |a Người | ||
| 653 | |a Giải phẫu | ||
| 653 | |a Giáo trình | ||
| 700 | |a Nguyễn Quang Vinh |e Tác giả | ||
| 700 | |a Trần Xuân Nhĩ |e Tác giả | ||
| 773 | |t Giải phẫu người |w 5390 | ||
| 910 | |a duyên | ||
| OWN | |a LSP | ||
| AVA | |a UDN50 |b LSP |d 611 TR-N |e unavailable |t Error 5002 Not defined in file expand_doc_bib_avail. |f 2 |g 2 |h N |i 0 |k 1 | ||
| 999 | |a From the UDN01 | ||
| AVA | |a UDN50 |b LSP |d 611 TR-N |e unavailable |t Error 5002 Not defined in file expand_doc_bib_avail. |f 2 |g 2 |h N |i 0 |k 1 | ||
| TYP | |a Monograph | ||
| TYP | |a Printed language | ||
| 980 | |a Mạng thư viện Đại học Đà Nẵng | ||